लोड हो रहा है...

Non-governmental organisations and rural poverty alleviation

ग्रंथसूची विवरण
मुख्य लेखक: Riddell,Roger C
अन्य लेखक: Robinson,Mart
स्वरूप: Printed Book
भाषा:English
प्रकाशित: Oxford Clarendon Press 1995
विषय:
LEADER 00612nam a22001817a 4500
005 20160820112501.0
008 090930t xxu||||| |||| 00| 0 eng d
082 |a 36.011.6  |b RID 
100 |a Riddell,Roger C  |9 3204 
245 |a Non-governmental organisations and rural poverty alleviation 
300 |a xiii,303p. 
653 |a organisation  |a rural poverty 
700 |a Robinson,Mart  |9 3203 
942 |c BK  |6 _ 
260 |a Oxford  |b Clarendon Press  |c 1995 
020 |a 0198233302 
999 |c 170948  |d 170948 
952 |0 0  |1 0  |2 ddc  |4 0  |6 360116_RID  |7 0  |9 222076  |a DAE  |b DAE  |d 2009-09-30  |o 36.011.6 RID  |p ECO07205  |r 2016-08-20  |w 2016-08-20  |y BK